[Event "Chicago op 17th"]
[Site "Chicago"]
[Date "2008.05.26"]
[Round "7"]
[White "Obierak, Wladyslaw"]
[Black "Marshall, Mario"]
[Result "1/2-1/2"]
[WhiteElo "2080"]
[BlackElo "2051"]
[PlyCount "40"]
[EventDate "2008.05.23"]
[EventType "swiss"]
[EventRounds "7"]
[EventCountry "USA"]
[SourceTitle "CBM 124 Extra"]
[Source "ChessBase"]
[SourceDate "2008.07.03"]
[SourceVersion "1"]
[SourceVersionDate "2008.07.03"]
[SourceQuality "1"]

1. d4 Nf6 2. Nf3 c5 3. e3 d5 4. Nc3 Nc6 5. Be2 g6 6. 0-0 Bg7 7. h3 0-0 8. b3 cxd4 9. exd4 Ne4 10. Bb2 Bf5 11. g4 Bc8 12. Nxe4 dxe4 13. Ne5 Nxe5 14. dxe5 Qc7 15. Qd4 b6 16. Qxe4 Bb7 17. Qc4 Bxe5 18. Qxc7 Bxc7 19. f4 Rad8 20. Bd3 b5 1/2-1/2

[Event "Bytom op"]
[Site "Bytom"]
[Date "1995.??.??"]
[Round "?"]
[White "Drozd, Ryszard"]
[Black "Obierak, Wladyslaw"]
[Result "1-0"]
[WhiteElo "2240"]
[BlackElo "2110"]
[PlyCount "63"]
[EventDate "1995.??.??"]
[EventType "swiss"]
[EventRounds "9"]
[EventCountry "POL"]
[SourceTitle "EXT 1997"]
[Source "ChessBase"]
[SourceDate "1996.11.15"]
[SourceVersion "1"]
[SourceVersionDate "1996.11.15"]
[SourceQuality "1"]

1. d4 Nf6 2. c4 e6 3. Nf3 b6 4. Bg5 Bb7 5. Nc3 Bb4 6. Qc2 h6 7. Bh4 g5 8. Bg3 Be4 9. Qb3 a5 10. 0-0-0 Bxc3 11. Qxc3 Nc6 12. a3 d5 13. Ne5 Ne7 14. f3 Bh7 15. c5 0-0 16. e3 Nd7 17. Bd3 Nxe5 18. Bxe5 f6 19. Bg3 bxc5 20. Qxc5 Bxd3 21. Rxd3 Ra6 22. Rc3 c6 23. h4 Nf5 24. Bf2 Rf7 25. hxg5 hxg5 26. Rb3 Nd6 27. Bg3 Nb7 28. Qc2 f5 29. Be5 Rh7 30. Rxh7 Kxh7 31. Rxb7+ Kh6 32. Qd1 1-0

[Event "Katowice op"]
[Site "Katowice"]
[Date "1995.??.??"]
[Round "8"]
[White "Gawronski, Miroslaw"]
[Black "Obierak, Wladyslaw"]
[Result "1-0"]
[WhiteElo "2300"]
[BlackElo "2145"]
[PlyCount "119"]
[EventDate "1995.??.??"]
[EventType "swiss"]
[EventRounds "9"]
[EventCountry "POL"]
[SourceTitle "EXT 2000"]
[Source "ChessBase"]
[SourceDate "1999.11.16"]
[SourceVersion "1"]
[SourceVersionDate "1999.11.16"]
[SourceQuality "1"]

1. d4 Nf6 2. c4 g6 3. Nc3 Bg7 4. e4 d6 5. g3 c6 6. Bg2 0-0 7. Nge2 Nbd7 8. 0-0 Rb8 9. a4 Re8 10. a5 Qc7 11. Kh1 a6 12. f3 e5 13. d5 c5 14. Be3 b5 15. axb6 Nxb6 16. b3 Nbd7 17. Qc2 Nf8 18. Rfb1 h6 19. Bf1 Kh7 20. Nc1 Nh5 21. Nd3 g5 22. b4 Nd7 23. bxc5 Rxb1 24. Qxb1 dxc5 25. Na4 Bf8 26. Bh3 Bd6 27. Bf5+ Kh8 28. Bxd7 Qxd7 29. g4 Nf4 30. Ndxc5 Qe7 31. Nd3 Qf6 32. Nxf4 gxf4 33. Bf2 h5 34. h3 hxg4 35. hxg4 Kg7 36. Nb6 Rh8+ 37. Kg2 Bc5 38. Qb2 Bd4 39. Bxd4 exd4 40. Rg1 Qh4 41. Qxd4+ Kg6 42. Kf1 a5 43. g5 Bh3+ 44. Ke2 Rh7 45. c5 a4 46. Qxa4 Bg2 47. Qc6+ Kg7 48. Qf6+ Kg8 49. Rxg2 Qh1 50. Rf2 Qc1 51. Kd3 Qe3+ 52. Kc4 Qxf2 53. Nd7 Qe2+ 54. Kb4 Qe1+ 55. Kb5 Qf1+ 56. Kb6 Rh8 57. g6 Qb1+ 58. Kc7 Rh7 59. gxh7+ Kxh7 60. Qxf7+ 1-0

[Event "POL-chT reg"]
[Site "Poland"]
[Date "1995.??.??"]
[Round "?"]
[White "Obierak, Wladyslaw"]
[Black "Czarnota, Waldemar"]
[Result "1-0"]
[WhiteElo "2145"]
[BlackElo "2230"]
[PlyCount "83"]
[EventDate "1995.??.??"]
[EventType "team"]
[EventRounds "11"]
[EventCountry "POL"]
[SourceTitle "EXT 2001"]
[Source "ChessBase"]
[SourceDate "2000.11.22"]
[SourceVersion "1"]
[SourceVersionDate "2000.11.22"]
[SourceQuality "1"]

1. d4 Nf6 2. c4 e6 3. Nf3 Bb4+ 4. Bd2 Qe7 5. a3 Bxd2+ 6. Qxd2 b6 7. g3 Bb7 8. Bg2 0-0 9. 0-0 d5 10. Ne5 Ne4 11. Qc2 f6 12. Nd3 c6 13. Nc3 Nxc3 14. Qxc3 Nd7 15. Rac1 Rac8 16. b4 e5 17. cxd5 cxd5 18. Qb3 e4 19. Nf4 Qf7 20. h4 g5 21. Nh3 gxh4 22. gxh4 Kh8 23. Nf4 f5 24. Qh3 Ba6 25. h5 Bc4 26. Ng6+ Kg8 27. Nf4 Qf6 28. Rc3 Kf7 29. h6 Ke7 30. Rxc4 dxc4 31. Nd5+ Kd6 32. Nxf6 Rxf6 33. Rc1 Rg8 34. Rc3 f4 35. Kh2 Rgg6 36. Bxe4 Rxh6 37. Rxc4 Rxh3+ 38. Kxh3 Rh6+ 39. Kg4 Rh2 40. Kxf4 Rxf2+ 41. Bf3 Rh2 42. Kg3 1-0

[Event "Katowice op"]
[Site "Katowice"]
[Date "1995.??.??"]
[Round "9"]
[White "Obierak, Wladyslaw"]
[Black "Linauskas, Dainius"]
[Result "0-1"]
[WhiteElo "2145"]
[BlackElo "2320"]
[PlyCount "108"]
[EventDate "1995.??.??"]
[EventType "swiss"]
[EventRounds "9"]
[EventCountry "POL"]
[SourceTitle "EXT 2000"]
[Source "ChessBase"]
[SourceDate "1999.11.16"]
[SourceVersion "1"]
[SourceVersionDate "1999.11.16"]
[SourceQuality "1"]

1. d4 Nf6 2. Nf3 e6 3. c4 Bb4+ 4. Bd2 Qe7 5. Qc2 Bxd2+ 6. Nbxd2 d6 7. e4 e5 8. d5 0-0 9. g3 a5 10. Bg2 Na6 11. 0-0 Nc5 12. b3 c6 13. Rfe1 Bg4 14. Nh4 cxd5 15. exd5 Qc7 16. Nf1 Rae8 17. Ne3 Bc8 18. Nef5 g6 19. Qd2 Kh8 20. Nh6 Nh5 21. Bf3 Ng7 22. Bd1 f5 23. Bc2 Qd8 24. Nf3 f4 25. g4 e4 26. Bxe4 Nxe4 27. Qd4 Qe7 28. Kg2 g5 29. h3 Qf6 30. Rad1 Qxh6 31. Rxe4 Rxe4 32. Qxe4 Qf6 33. Re1 Kg8 34. Qb1 h5 35. Rh1 Kf7 36. b4 axb4 37. Qxb4 hxg4 38. hxg4 Bxg4 39. Qxb7+ Kg6 40. Qb3 Qf5 41. Qa3 Rf6 42. Re1 Bxf3+ 43. Qxf3 g4 44. Qe4 Rf8 45. Qe7 f3+ 46. Kg1 Rf6 47. Qe4 Rf7 48. Qb1 g3 49. Re4 g2 50. c5 Re7 51. Rb4 Qxb1+ 52. Rxb1 dxc5 53. Kh2 Nf5 54. Kh3 Kg5 0-1

[Event "Katowice Fibak op"]
[Site "Katowice"]
[Date "1993.??.??"]
[Round "5"]
[White "Maciejewski, Miroslaw"]
[Black "Obierak, Wladyslaw"]
[Result "1-0"]
[WhiteElo "2390"]
[BlackElo "2180"]
[PlyCount "49"]
[EventDate "1993.01.??"]
[EventType "swiss"]
[EventRounds "9"]
[EventCountry "POL"]
[SourceTitle "EXT 1998"]
[Source "ChessBase"]
[SourceDate "1997.11.17"]
[SourceVersion "1"]
[SourceVersionDate "1997.11.17"]
[SourceQuality "1"]

1. e4 c5 2. Nf3 d6 3. d4 cxd4 4. Nxd4 Nf6 5. Nc3 a6 6. Bg5 e6 7. f4 Be7 8. Bd3 Nc6 9. Nxc6 bxc6 10. e5 dxe5 11. fxe5 Nd5 12. Bxe7 Nxe7 13. Qh5 Nf5 14. 0-0 Ra7 15. Kh1 Rc7 16. Ne4 g6 17. Qh3 h5 18. Rad1 Kf8 19. Bxa6 Rd7 20. Rxd7 Qxd7 21. Bxc8 Qxc8 22. g4 Nh6 23. Qf3 hxg4 24. Qf6 Kg8 25. Rd1 1-0

[Event "Katowice op"]
[Site "Katowice"]
[Date "1991.??.??"]
[Round "1"]
[White "Tseshkovsky, Vitaly"]
[Black "Obierak, Wladyslaw"]
[Result "1-0"]
[WhiteElo "2490"]
[BlackElo "2225"]
[PlyCount "49"]
[EventDate "1991.??.??"]
[EventType "swiss"]
[EventRounds "11"]
[EventCountry "POL"]
[SourceTitle "EXT 1997"]
[Source "ChessBase"]
[SourceDate "1996.11.15"]
[SourceVersion "1"]
[SourceVersionDate "1996.11.15"]
[SourceQuality "1"]

1. e4 c5 2. Nf3 Nc6 3. Bb5 Nd4 4. Nxd4 cxd4 5. c3 Qb6 6. Qa4 e5 7. 0-0 Nf6 8. d3 Be7 9. cxd4 exd4 10. Nd2 a6 11. Bc4 0-0 12. Nf3 Kh8 13. Qb3 Qc5 14. Bg5 Nh5 15. Bd5 f6 16. Bd2 g5 17. Rac1 Qa7 18. Qc4 Nf4 19. Bxf4 gxf4 20. Nxd4 Bd6 21. Nf5 Qb6 22. Rc2 f3 23. g3 h5 24. Rfc1 Kh7 25. d4 1-0